Consultation on changes to regulation of valuers and valuation firms: (Record no. 121665)

MARC details
000 -LEADER
fixed length control field 01640nam a22002297a 4500
008 - FIXED-LENGTH DATA ELEMENTS--GENERAL INFORMATION
fixed length control field 230915s2023 xxk|||||o|||| 00| 0 eng d
041 ## - LANGUAGE CODE
Language code of text/sound track or separate title eng
110 ## - MAIN ENTRY--CORPORATE NAME
Corporate author Royal Institution of Chartered Surveyors
245 ## - TITLE STATEMENT
Title Consultation on changes to regulation of valuers and valuation firms:
Subtitle to implement the Valuation Review
Medium [Electronic resource]
260 ## - PUBLICATION INFORMATION
Place of publication London,
Publisher Royal Institution of Chartered Surveyors,
Date 12 Sep 2023
300 ## - PHYSICAL DESCRIPTION
Physical description 12p.
490 ## - SERIES TITLE
Series statement RICS Consultation
520 ## - ABSTRACT
Abstract RICS have launched a consultation on proposed changes to the RICS regulatory schemes for registration of valuers and regulated firms. The aim is to implement the valuation review recommendations and strengthen the assurance regime for the valuation to future-proof practices in the public interest. The proposals in this consultation include the introduction of a Valuation Compliance Officer role within valuation firms and the creation of a register of regulated valuation firms. The document also provides information about a new Valuation Assurance Committee. Consultation open until 12th December 2023. <br/>
650 ## - KEYWORDS
Keywords VALUATION
650 ## - KEYWORDS
Keywords VALUATION COMPLIANCE OFFICER
651 ## - SUBJECT ADDED ENTRY--GEOGRAPHIC NAME
Geographic name International
690 ## - BROAD SUBJECT
9 (RLIN) 6273
Broad subject Valuation
710 ## - ADDED CORPORATE NAME
Added corporate author Royal Institution of Chartered Surveyors
856 ## - ONLINE RESOURCE
Uniform Resource Identifier <a href="https://consultations.rics.org/gf2.ti/f/1510786/178947077.1/PDF/-/Valuation%20review%20policy%20consultation%20paper%20-%20Sept%202023.pdf">https://consultations.rics.org/gf2.ti/f/1510786/178947077.1/PDF/-/Valuation%20review%20policy%20consultation%20paper%20-%20Sept%202023.pdf</a>
Public note View the consultation document on RICS.org
856 ## - ONLINE RESOURCE
Uniform Resource Identifier <a href="https://consultations.rics.org/regulationofvaluation/consultationHome">https://consultations.rics.org/regulationofvaluation/consultationHome</a>
Public note View the RICS iConsult homepage on Valuation Review
942 ## - ADDED ENTRY ELEMENTS (KOHA)
Suppress in OPAC Do not suppress in OPAC
Holdings
Lost status Damaged status Not for loan Current library Shelving location Date acquired Total Checkouts Full call number Date last seen Price effective from Koha item type
      Virtual Online 15/09/2023   RICS iConsult 15/09/2023 15/09/2023 Online material